Sports Quiz

Random Sports or NBA Quiz

NBA Player with the highest stat in a game Quiz Stats

 Plays Quiz not verified by Sporcle

Support Sporcle.
Go Orange.
Score 0/6 Timer 05:00
0 Plays Today
Category Player % Correct
Most Assists in a GameLebron James
93.3%
Most Rebounds in a GameAndre Drummond
85.4%
Most Points in a GameDamian Lillard
84.3%
Most Blocks in a GameHassan Whiteside
65.2%
Most 3 Pointers Made in a GameZach Lavine
53.9%
Most Steals in a GameJonathan Isaac
11.2%

You're not logged in!

Compare scores with friends on all Sporcle quizzes.
OR
Log In

From the Vault

NBA 5-Year Scoring - LA Lakers

by flibbidy

How many of these points were watched in-person by a courtside Jack Nicholson?
Remove Ads.
Support Sporcle.
Get the best of Sporcle when you Go Orange. This ad-free experience offers more features, more stats, and more fun while also helping to support Sporcle. Thank you for becoming a member.

Show Comments

Extras

Top Quizzes Today


Score Distribution

Your Account Isn't Verified!

In order to create a playlist on Sporcle, you need to verify the email address you used during registration. Go to your Sporcle Settings to finish the process.

Report this User

Report this user for behavior that violates our Community Guidelines.

Details: